Normal view
MARC view
- Susanna S. EPP
Entry Personal Name
001 - CONTROL NUMBER
- control field: 127583
003 - CONTROL NUMBER IDENTIFIER
- control field: NUST
005 - DATE AND TIME OF LATEST TRANSACTION
- control field: 20250115102208.0
008 - FIXED-LENGTH DATA ELEMENTS
- fixed length control field: 250115|| aca||aabn | a|a d
040 ## - CATALOGING SOURCE
- Original cataloging agency: NUST
- Transcribing agency: NUST
100 ## - HEADING--PERSONAL NAME
- Personal name: Susanna S. EPP
670 ## - SOURCE DATA FOUND
- Source citation: Work cat.: (NUST): Susanna S. EPP, Discrete mathematics with applications , 2000.
